Quararibea bovinii (Malvaceae), a new species from the Brazilian Atlantic Forest (Registro n. 337787)
[ somente texto ]
| 000 -LÍDER | |
|---|---|
| fixed length control field | 01831nab a2200241 i 4500 |
| 003 - CÓDIGO MARC DA AGÊNCIA CATALOGADORA | |
| Campo de controle | BR-BrBNA |
| 005 - DATA E HORA DA ÚLTIMA ATUALIZAÇÃO | |
| Campo de controle | 20250825135935.0 |
| 008 - CAMPO DE TAMANHO FIXO | |
| fixed length control field | 250825b2021 bl.ar|pooa||| 00| 0 eng | |
| 040 ## - FONTE DA CATALOGAÇÃO | |
| Agência catalogadora | BR-BrBNA |
| Idioma da catalogação | eng |
| 072 ## - CATEGORIA AGRIS | |
| Código AGRIS | F70 |
| 100 ## - ENTRADA PRINCIPAL - NOME PESSOAL | |
| Nome pessoal | Ferreira, Carlos Daniel Miranda |
| 245 ## - TÍTULO PRINCIPAL | |
| Título principal | Quararibea bovinii (Malvaceae), a new species from the Brazilian Atlantic Forest |
| 500 ## - NOTA GERAL | |
| Nota geral | Publicação on-line; 26 ref.; 4 illus.; Summaries (En, Pt) |
| 942 ## - ADDED ENTRY ELEMENTS (KOHA) | |
| Koha item type | Analítica |
| 520 ## - NOTA DE RESUMO | |
| Nota de conteúdo | <br/><br/>Abstract<br/><br/>In the present study, I propose a new species, Quararibea bovinii, an Atlantic Forest tree. The new taxon<br/>occurs in southeastern Brazil, in the states of Espírito Santo, Rio de Janeiro, and São Paulo. It resembles Q.<br/>similis in terms of floral morphology and fruit shape, but it is distinguished by the indumenta of leaves, leaf<br/>width, and seed shape.<br/><br/>Key words: bifurcated trichome, conservation, domatia, Matisieae, taxonomy.<br/><br/><br/><br/><br/>Resumo<br/><br/>Quararibea bovinii é proposta como uma nova espécie para a Mata Atlântica. Sua distribuição é restrita ao<br/>sudeste do Brasil, ocorrendo nos estados do Espírito Santo, Rio de Janeiro e São Paulo. É semelhante a Q.<br/>similis em relação à morfologia das flores e forma dos frutos, mas se distingue pelo indumento das folhas, a<br/>largura das folhas e a forma das sementes.<br/><br/>Palavras-chave: tricoma bifurcado, conservação, domácia, Matisieae, taxonomia. |
| 650 ## - ASSUNTO - THESAGRO | |
| Cabeçalho tópico ou nome geográfico | CONSERVAÇÃO |
| 650 ## - ASSUNTO - THESAGRO | |
| Cabeçalho tópico ou nome geográfico | DOMÁCIA |
| 650 ## - ASSUNTO - THESAGRO | |
| Cabeçalho tópico ou nome geográfico | MORFOLOGIA VEGETAL |
| 650 ## - ASSUNTO - THESAGRO | |
| Cabeçalho tópico ou nome geográfico | TAXONOMIA |
| 773 0# - ENTRADA ANALÍTICA | |
| Host Biblionumber | 709 |
| Registro do item | 357347 |
| Imprenta | Rio de Janeiro-RJ Jardim Botanico do Rio de Janeiro 1935 |
| Outro identificador | 2025-5311 |
| Título | Rodriguésia (Brazil) |
| ISSN | 0370-6583; 2175-7860 on-line |
| Colação | v. 72 p. 1-8; (2021) |
| Número de controle de registro | BR2025001774 |
| 856 ## - ACESSO E ENDEREÇO ELETRÔNICO | |
| Identificador uniforme de recurso - URI | https://www.scielo.br/j/rod/a/fsKnvK5pzNPpT5kyRLVtqTy/?format=pdf&lang=en |
Nenhum exemplar disponível.

BINAGRI